| 000 | 00440nam a2200121Ia 4500 | ||
|---|---|---|---|
| 008 | 220615s9999||||xx |||||||||||||| ||und|| | ||
| 100 | _aAyman Amer Eissa | ||
| 245 | 0 | _aStructure and Function of Food Engineering | |
| 546 | _aEnglish[eng] | ||
| 650 | _aLife Sciences||Food Science||Food Engineering||Agricultural and Biological Sciences | ||
| 856 | _uhttps://www.intechopen.com/books/structure-and-function-of-food-engineering | ||
| 942 | _cEB | ||
| 999 |
_c15746 _d15746 |
||